| 000 | 00709nam a22002297a 4500 | ||
|---|---|---|---|
| 003 | URS | ||
| 005 | 20250626095355.0 | ||
| 008 | 250626b |||||||| |||| 00| 0 eng d | ||
| 020 | _a978-1-9751-5100-3 | ||
| 040 |
_bEnglish _cURS _erda |
||
| 050 |
_aRM301.12 _b.N84 2020 |
||
| 245 | 0 | _aNursing 2020 drug handbook / | |
| 264 |
_aPhiladelphia, PA : _bWolters Kluwer, _c©2020. |
||
| 300 |
_axii, 1913 pages, _billustrations ; _c21 cm. |
||
| 336 |
_atext _btxt _2rdacontent |
||
| 337 |
_aunmediated _bn _2rdamedia |
||
| 338 |
_avolume _bnc _2rdacarrier |
||
| 500 | _aIncludes index. | ||
| 650 | 0 |
_aDrugs _xHandbooks, manuals, etc. _91134 |
|
| 650 | 0 |
_aPharmacology _xHandbooks, manuals, etc. _96220 |
|
| 942 |
_cR _2lcc |
||
| 999 |
_c83202 _d83201 |
||